Vyššie sankcie za výrobu a predaj drog

Základné údaje o počte drogovo závislých osôb. Narastá počet odsúdených narkomanov, ktorým súd nariadil ochrannú liečbu. Koordinácia boja s drogami. Najčastejšie používané drogy. Mierny pokles liečených pacientov závislých na drogách.

Na minha lista:
Detalhes bibliográficos
Autor principal: Bystrianska, Anna
Formato: Capítulo de Livro
Idioma:eslovaco
Assuntos:
Tags: Adicionar Tag
Sem tags, seja o primeiro a adicionar uma tag!

MARC

LEADER 00000naa$a2200000$$$4500
001 0042018
005 20231016084952.1
041 0 |a slo 
044 |a SK 
245 1 0 |a Vyššie sankcie za výrobu a predaj drog  |c Anna Bystrianska 
520 |a Základné údaje o počte drogovo závislých osôb. Narastá počet odsúdených narkomanov, ktorým súd nariadil ochrannú liečbu. Koordinácia boja s drogami. Najčastejšie používané drogy. Mierny pokles liečených pacientov závislých na drogách. 
610 2 0 |a drogy 
610 2 0 |a výroba 
610 2 0 |a predaj 
610 2 0 |a sankcie 
610 2 0 |a programy 
100 1 |a Bystrianska, Anna